<?xml version="1.0" encoding="UTF-8"?>
<record
    xmlns:xsi="http://www.w3.org/2001/XMLSchema-instance"
    xsi:schemaLocation="http://www.loc.gov/MARC21/slim http://www.loc.gov/standards/marcxml/schema/MARC21slim.xsd"
    xmlns="http://www.loc.gov/MARC21/slim">

  <leader>02647    a2200217   4500</leader>
  <controlfield tag="001">23691</controlfield>
  <controlfield tag="005">20260407155523.0</controlfield>
  <controlfield tag="008">260407a1964    arg                 spa d</controlfield>
  <controlfield tag="003">AR-UNSa-BCEJYS</controlfield>
  <datafield tag="040" ind1=" " ind2=" ">
    <subfield code="a">AR-UNSa-BCEJYS</subfield>
    <subfield code="b">spa</subfield>
    <subfield code="c">AR-UNSa-BCEJYS</subfield>
  </datafield>
  <datafield tag="080" ind1=" " ind2=" ">
    <subfield code="a">330</subfield>
    <subfield code="x">Econom&#xED;a en general</subfield>
  </datafield>
  <datafield tag="245" ind1="1" ind2="0">
    <subfield code="a">Manual del profesor y clave de respuestas</subfield>
    <subfield code="p">guia de estudio y libro de ejercicios</subfield>
  </datafield>
  <datafield tag="264" ind1=" " ind2="1">
    <subfield code="a">Madrid :</subfield>
    <subfield code="b">Aguilar</subfield>
    <subfield code="c">1964</subfield>
  </datafield>
  <datafield tag="300" ind1=" " ind2=" ">
    <subfield code="a">xvi, 241 p.</subfield>
    <subfield code="c">21 cm.</subfield>
  </datafield>
  <datafield tag="505" ind1=" " ind2=" ">
    <subfield code="a">1. Introducci&#xF3;n - 2. Los problemas centrales de toda sociedad econ&#xF3;mica - 3. Funcionamiento del sistema mixto de empresa capitalista - 4. Elemento de oferta y la demanda - 5. Las empresas: su organizaci&#xF3;n e ingresos - 5. Ingresos individuales y familiares - 7. Econom&#xED;a individual y seguros sociales - 8. Los trabajadores y las relaciones industriales - 9. La func&#xF3;n econ&#xF3;mica del estado: el gasto publico. -La regulaci&#xF3;n de la actividad econ&#xF3;mica y la financiaci&#xF3;n del gasto - 10. La funci&#xF3;n econ&#xF3;mica del estado: los impuestos federales y las haciendas locales - 11. La renta y el producto nacionales - 12. El ahorro, el consumo y la inversi&#xF3;n - 13. La teor&#xED;a de la determinaci&#xF3;n de la renta - 14. El ciclo econ&#xF3;mico y su previsi&#xF3;n - 15. Precios y dinero - 16. Elementos del sistema bancario y de la creaci&#xF3;n de dep&#xF3;sitos - 17. La pol&#xED;tica monetaria de la banca central - 18. S&#xED;ntesis de la teor&#xED;a y del an&#xE1;lisis de la renta - 19. La pol&#xED;tica fiscal y el pleno empleo sin inflaci&#xF3;n - 20. La formaci&#xF3;n del precio por la oferta y la demanda - 21. La teor&#xED;a de la demanda y la utilidad - 22. El coste y la oferta - 23. La oferta y la demanda aplicadas en la agricultura - 24. El equilibrio de la empresa: Costes e ingresos - 25. La competencia imperfecta - 26. La teor&#xED;a de la producci&#xF3;n - 27. La formaci&#xF3;n de los precios de los factores de la producci&#xF3;n: la renta de la tierra y otras rentas - 28. Los salarios de competencia y las negociaciones colectivas - 29. El inter&#xE9;s y el capital - 30. Beneficios y alicentes - 31. La balanza de pagos internacionales - 32. El comercio internacional y la teor&#xED;a de los costes comparativos - 33. Teor&#xED;a de la protecci&#xF3;n arancelaria y de la libertad de comercio - 34. Los problemas econ&#xF3;micos internacionales de la actualidad - 35. Problemas del crecimiento y del desarrollo econ&#xF3;mico - 36. Problemas del crecimiento econ&#xF3;mico y de la estabilidad de los precios en una econom&#xED;a avanzada - 37. Los distintos problemas econ&#xF3;micos </subfield>
  </datafield>
  <datafield tag="942" ind1=" " ind2=" ">
    <subfield code="c">BK</subfield>
  </datafield>
  <datafield tag="590" ind1=" " ind2=" ">
    <subfield code="a">niveau_biblio:m niveau_hierar:0</subfield>
  </datafield>
  <datafield tag="100" ind1="1" ind2=" ">
    <subfield code="a">Samuelson, Paul A.</subfield>
  </datafield>
  <datafield tag="700" ind1="1" ind2=" ">
    <subfield code="a">Robinson, Romney</subfield>
  </datafield>
  <datafield tag="700" ind1="1" ind2=" ">
    <subfield code="a">Barinaga Blanco, Jose Luis</subfield>
  </datafield>
  <datafield tag="999" ind1=" " ind2=" ">
    <subfield code="c">1116</subfield>
    <subfield code="d">1116</subfield>
  </datafield>
  <datafield tag="952" ind1=" " ind2=" ">
    <subfield code="0">0</subfield>
    <subfield code="1">0</subfield>
    <subfield code="4">0</subfield>
    <subfield code="7">0</subfield>
    <subfield code="a">BCEJYS</subfield>
    <subfield code="b">BCEJYS</subfield>
    <subfield code="c">16</subfield>
    <subfield code="d">2026-04-07</subfield>
    <subfield code="l">0</subfield>
    <subfield code="o">330 S187m</subfield>
    <subfield code="p">L20814</subfield>
    <subfield code="r">2026-04-07 15:55:23</subfield>
    <subfield code="w">2026-04-07</subfield>
    <subfield code="y">L</subfield>
  </datafield>
</record>
